Vplyv fyzikálno-chemických faktorov na koróziu úžitkového skla

Na minha lista:
Detalhes bibliográficos
Autor principal: Rebroš, Marián
Formato: Livro
Idioma:eslovaco
Publicado em: Bratislava STU FCHPT 2004
Edição:1. vyd.
Acesso em linha:View in OPAC
Tags: Adicionar Tag
Sem tags, seja o primeiro a adicionar uma tag!

MARC

LEADER 00000nam a2200000 a 4500
005 20260127134226.0
008 050317 2004 xo 000 0 slo d
035 |a vtls001520207 
039 9 |y 200503171158  |z mschk03 
040 |a STUSCHK1  |b slo  |c STUSCHK1  |e AACR2 
100 1 |a Rebroš, Marián  |9 549 
245 1 |a Vplyv fyzikálno-chemických faktorov na koróziu úžitkového skla 
250 |a 1. vyd. 
260 |a Bratislava  |b STU FCHPT  |c 2004 
300 |a 78 s. 
500 |a Obháj.: 15.11. 2004. Katedra biochemickej technológie 
910 |a SCHK95 
999 |c 7184  |d 7184